Представление документа в формате MARC21

Поле Инд. ПП Название Значение
Тип записи a
Библиографический уровень m
001 Контрольный номер RU/IS/BASE/479827351
005 Дата корректировки 20150513112227.8
040 a Служба первич. каталог. НБ ТвГУ
b Код языка каталог. rus
e Правила каталог. PSBO
041 0_ a Код языка текста rus
080 a Индекс УДК 524
084 a Индекс другой классификации/Индекс ББК В662
090 a Полочн. индекс В662
x Авторский знак З-59
100 1_ a Автор Зигель Феликс Юрьевич
q Полное имя Зигель Ф. Ю.
245 10 a Заглавие Сокровища звездного неба
b Продолж. заглавия путеводитель по созвездиям
260 a Место издания Москва
b Издательство Наука
c Дата издания 1964
300 a Объем 221, [2] с.
b Иллюстрации/ тип воспроизводства ил., карты
520 a Аннотация Популярный рассказ о звездном небе, е его делении на созвездия, какие созвездия видны зимой, весной, летом и осенью. Читатель узнает из книги о главных достопримечательностях каждого созвездия - двойных переменных звездах, звездных скоплениях, туманностях и других объектах. Отдельные главы посвящены звездному небу Антарктиды, Млечному пути и телам Солнечной системы. Особое внимание уделено Луне и первоначальному знакомству с лунной топографией. В новом издании книги учтены открытия последних лет в области звездной астрономии, рассказано о квазаpax, «черных дырах», о новейших данных по морфологии галактик. Для учащихся средней школы и широкого крута любителей астрономии.
653 a Ключевые слова Звезды
a Ключевые слова Зодиак
a Ключевые слова Космос
a Ключевые слова Млечный путь
a Ключевые слова Созвездия
901 t Тип документа m
920 a Оператор Семен
a Оператор Суха
a Оператор Густ
a Оператор Стро
930 a Новая/Ретро новая
952 c Вид литературы К рн
954 a Дата поступления на обработку 20150326
c Дата окончания ОНО 20150327
b Дата поступления в ОК 20150316